• 首页
  • 本馆介绍
  • 公告通知
  • 最新文献
  • 馆藏检索
  • 电子资源
  • 读者导购
  • 参考咨询
  • 我的图书馆
  • 登录
  • 详细信息显示
  • 放入我的书架
  • 预约/预借图书
  • 作者相关作品
  • 分类相关作品
  • 丛书相关作品
  • 出版社相关作品

书目信息

  • 表格格式
  • 工作单格式
  • 卡片格式
题名:
米粒儿不孤独
    
 
作者: 刘亚萍 著
分册:  
出版信息: 北京   人民邮电出版社  2018.05
页数: 252页
开本: 21cm
丛书名:
单 册:
中图分类: G766 , R749.940.5
科图分类:
主题词: 孤独症--gu du zheng--儿童教育--特殊教育 , 小儿疾病--xiao er ji bing--孤独症--治疗
电子资源:
ISBN: 978-7-115-48173-3
000 00941nam0 2200277 450
001 0109110110
005 20201109110335.0
010    @a978-7-115-48173-3@dCNY49.00
100    @a20181129d2018 em y0chiy50 ea
101 0  @achi
102    @aCN@b110000
105    @aa z 000yy
106    @ar
200 1  @a米粒儿不孤独@Ami li er bu gu du@e伴自闭儿成长的悟与行@f刘亚萍著
210    @a北京@c人民邮电出版社@d2018.05
215    @a252页@c图@d21cm
300    @a普华心理
330    @a本书共分为三篇,分别讲述了自闭症儿童米粒儿的成长故事,国内外典型的自闭症案例以及作者的育儿心得和自我成长。
517 1  @a伴自闭儿成长的悟与行@Aban zi bi er cheng zhang de wu yu xing
606 0  @a孤独症@Agu du zheng@x儿童教育@x特殊教育
606 0  @a小儿疾病@Axiao er ji bing@x孤独症@x治疗
690    @aG766@v5
690    @aR749.940.5@v5
701  0 @a刘亚萍@Aliu ya ping@c(女)@4著
801  0 @aCN@bBJSZM@c20201103
905    @b1266844-7@dG766@e196@f4
    
    米粒儿不孤独:伴自闭儿成长的悟与行/刘亚萍著.-北京:人民邮电出版社,2018.05
    252页:图;21cm
    普华心理
    
    ISBN 978-7-115-48173-3:CNY49.00
    本书共分为三篇,分别讲述了自闭症儿童米粒儿的成长故事,国内外典型的自闭症案例以及作者的育儿心得和自我成长。
●
相关链接 在E读中查询图书 在五车中查询图书 在当当中查询图书 在豆瓣中查询图书


正题名:米粒儿不孤独     索取号:G766/196         预约/预借

序号 登录号 条形码 馆藏地/架位号 状态 备注
1 1266844   212668442   第一样本阅览室/ [索取号:G766/196] 在馆    
2 1266845   212668451   教育系资料室/ [索取号:G766/196] 在馆    
3 1266846   212668460   教育系资料室/ [索取号:G766/196] 在馆    
4 1266847   212668479   第四借阅区/ [索取号:G766/196] 在馆    
唐山师范学院图书馆 欢迎您!
大连网信软件有限公司© 版权所有